Library of the University of Algiers 3
Ibrahim Sultan Cheibout
شعار جامعة الجزائر 3
مكتبة جامعة الجزائر 3
إبراهيم سلطان شيبوط

الإقتصاد الجزئي : (رقم التسجيلة. 41093)

تفاصيل مارك
000 -LEADER
fixed length control field 01258nam a2200253Ia 4500
003 - CONTROL NUMBER IDENTIFIER
control field Ost
005 - DATE AND TIME OF LATEST TRANSACTION
control field 20260416102353.0
008 - FIXED-LENGTH DATA ELEMENTS--GENERAL INFORMATION
fixed length control field 260416s9999||||xx |||||||||||||| ||und||
040 ## - CATALOGING SOURCE
Transcribing agency fsecg
041 ## - LANGUAGE CODE
Language code of text/sound track or separate title ara
082 ## - DEWEY DECIMAL CLASSIFICATION NUMBER
Classification number 338.5
100 ## - MAIN ENTRY--PERSONAL NAME
Personal name رزاي، سعاد
Relator term مؤلف
245 #0 - TITLE STATEMENT
Title الإقتصاد الجزئي :
Remainder of title دروس وتمارين /
Statement of responsibility, etc. سعاد رزاي
260 ## - PUBLICATION, DISTRIBUTION, ETC.
Place of publication, distribution, etc. الجزائر
Name of publisher, distributor, etc. جامعة الجزائر3: كلية العلوم الإقتصادية، العلوم التجارية وعلوم التسيير
Date of publication, distribution, etc. 2018
300 ## - PHYSICAL DESCRIPTION
Extent 136 ورقة
Other physical details ايضاحات
Dimensions 30 سم
504 ## - BIBLIOGRAPHY, ETC. NOTE
Bibliography, etc. note مراجع ص.135
520 ## - SUMMARY, ETC.
Summary, etc. مفاهيم عامة حول الاقتصاد والمشكلة الاقتصادية، الطلب العرض والتوازن، تحليل سلوك المستهلك، نظريات الانتاج التكاليف والايرادات، التوازن في الأسواق.
653 ## - INDEX TERM--UNCONTROLLED
Uncontrolled term الاقصاد الجزئي
653 ## - INDEX TERM--UNCONTROLLED
Uncontrolled term الانتاج
653 ## - INDEX TERM--UNCONTROLLED
Uncontrolled term العرض والطلب
653 ## - INDEX TERM--UNCONTROLLED
Uncontrolled term المشاكل الاقتصادية
710 ## - ADDED ENTRY--CORPORATE NAME
Corporate name or jurisdiction name as entry element جامعة الجزائر3: كلية العلوم الإقتصادية، العلوم التجارية وعلوم التسيير
Relator term ناشر علمي
942 ## - ADDED ENTRY ELEMENTS (KOHA)
Koha item type مطبوعات
المقتنيات
Withdrawn status Lost status Source of classification or shelving scheme Damaged status Not for loan Home library Current library Date acquired Serial enumeration / chronology Inventory number Total checkouts Full call number Barcode Date last seen Price effective from Koha item type
    Dewey Decimal Classification   NOT LOAN / إعارة داخلية مكتبة كلية العلوم الإقتصادية والعلوم التجارية وعلوم التسيير مكتبة كلية العلوم الإقتصادية والعلوم التجارية وعلوم التسيير 16/04/2026 الطابق الثاني مط.144-1   مط.144 ن1 مط.144-1 16/04/2026 16/04/2026 مطبوعات

موارد الويب المفتوحة


© University of Algiers 3 All Rights Reserved
|
Implemented by LECHELAH Riad